000
00341nam a2200133Ia 4500
008
100328s9999 xx 000 0 und d
082
_b
53661
100
_a
देसाई रणजित
245
_a
बारी
260
_b
देशमुख आणि कं.
630
_a
बारी
730
_a
बारी
942
_c
BOOK
999
_c
540402
_d
540399